000 01029nmm a2200301 a 4500
001 ocm0002145871
003 TR-IsHL
005 20201028184257.0
008 181215s2017 tu tur
007 cr cn
020 _a9786059641401
035 _a2145871
_b(N$T)
050 0 4 _aPS3568.E88
_bG319 2017
090 0 4 _aPS3568.E88
_bG319 2017
100 1 _aReiss, C. D.
245 1 0 _aAyrılık oyunları
_h[electronic resource] /
_cC. D. Reiss ; çeviren: Zeynep Fulya Çulha ; editör Görkem Mercan
250 _a1. Baskı
260 _aİstanbul :
_bAspendos Yayıncılık,
_c2017
300 _a353 p.
500 _aOrijinal eser adı: Games Duet II : Separation Games
650 4 _aDil ve Edebiyat
650 4 _aLanguage and Literature
650 0 _aAmerikan romanı
650 0 _aAmerican fiction
650 7 _aLITERARY COLLECTIONS / American / General
_2bisacsh
700 1 _aÇulha Zeynep Fulya
856 4 0 _uhttp://search.ebscohost.com/login.aspx?direct=true&scope=site&db=e011xww&AN=2145871
999 _c20926
_d20926